Military Occupations Since 1900 - Statistics

General Stats
  • This quiz has been taken 74 times
    29 since last reset
  • The average score is 155 of 202
Answer Stats
Occupied State/Territory Years Occupier Flag % Correct
Korean Empire 1905-1910 Empire of Japan
100%
Republic of Cuba 1898-1902 & 1906-1909 & 1917-1922 United States
100%
Veracruz, Mexico 1914-1914 United States
93%
Luxembourg 1914-1918 German Empire
87%
German South West Africa 1914-1915 Union of South Africa
87%
Nicaragua 1912-1933 United States
87%
Falkland Islands 1982-1982 Argentina
80%
Tibet 1949-1951 China
80%
Aksai Chin & Arunachal Pradesh 1962-1962 China
80%
Vietnam (Partially) 1979-1979 China
80%
Congress Poland 1914-1918 Austria-Hungary / German Empire
80%
Ottoman Empire (Levant) 1917-1920 France / United Kingdom / Kingdom of Hejaz
80%
Lebanon (Southern) 1978-1982 Free Lebanon State / Israel
80%
Cyprus 1974-Now Northern Cyprus / Türkiye
80%
Czechoslovakia 1968-1989 Soviet Union / People's Republic of Bulgaria / Polish People's Republic / East Germany / Hungarian People's Republic
80%
Austria 1945-1955 Soviet Union / United Kingdom / United States / France
80%
Pahlavi Iran 1941-1946 Soviet Union / United Kingdom
80%
Kingdom of Greece 1941-1944 Tsardom of Bulgaria / Kingdom of Italy / Germany
80%
Kingdom of Yugoslavia 1941-1945 Tsardom of Bulgaria / Regency Kingdom of Hungary / Kingdom of Italy / Germany / Independent State of Croatia
80%
Suez Canal Zone, Egypt 1956-1956 United Kingdom / France
80%
Italian Libya 1943-1951 United Kingdom / France
80%
People's Revolutionary Government of Grenada 1983-1983 United States / Barbados / Jamaica / Antigua and Barbuda / Dominica / Saint Kitts and Nevis / Saint Lucia / Saint Vincent and the Grenadines
80%
Kingdom of Italy 1943-1945 United States / United Kingdom
80%
Greenland 1940-1945 United States / United Kingdom
80%
Palestine (Gaza Strip) 1959-1967 Egypt
80%
Republic of China (Partially) 1937-1945 Empire of Japan
80%
Guam 1941-1944 Empire of Japan
80%
French Cochinchina 1941-1945 Empire of Japan
80%
Protectorate of Cambodia 1941-1945 Empire of Japan
80%
British Borneo 1941-1945 Empire of Japan
80%
British Hong Kong 1941-1945 Empire of Japan
80%
Straits Settlements 1941-1945 Empire of Japan
80%
Federated Malay States 1941-1945 Empire of Japan
80%
Johor 1941-1945 Empire of Japan
80%
Kedah 1941-1945 Empire of Japan
80%
Kelantan 1941-1945 Empire of Japan
80%
Perlis 1941-1945 Empire of Japan
80%
Terengganu 1941-1945 Empire of Japan
80%
Territory of New Guinea 1942-1945 Empire of Japan
80%
Mandatory Nauru 1942-1945 Empire of Japan
80%
British Andaman Islands 1942-1945 Empire of Japan
80%
Dutch East Indies 1942-1945 Empire of Japan
80%
Commonwealth of the Philippines 1942-1945 Empire of Japan
80%
Portuguese Timor 1942-1945 Empire of Japan
80%
British Burma 1942-1945 Empire of Japan
80%
Colony of Singapore 1942-1945 Empire of Japan
80%
Qisxa 1942-1945 Empire of Japan
80%
Atan 1942-1945 Empire of Japan
80%
Kouang-Tchéou-Wan 1943-1945 Empire of Japan
80%
Kingdom of Luang Prabang 1945-1945 Empire of Japan
80%
Karelo-Finnish Soviet Socialist Republic 1941-1944 Finland
80%
Neutral Moresnet 1914-1915 German Empire
80%
Belgium 1914-1918 German Empire
80%
French Republic (Northeast) 1914-1918 German Empire
80%
Baltic Governorates & Vilna Governorate-General, Russian Empire 1914-1919 German Empire
80%
Federal State of Austria 1938-1938 Germany
80%
Czechoslovakia (Sudetenland) 1938-1938 Germany
80%
Bohemia and Moravia 1939-1945 Germany
80%
Klaipėda Region 1939-1945 Germany
80%
Republic of Poland 1939-1945 Germany
80%
Vichy France (Only North until 1942) 1940-1944 Germany
80%
Belgium 1940-1945 Germany
80%
Denmark 1940-1945 Germany
80%
Luxembourg 1940-1945 Germany
80%
Netherlands 1940-1945 Germany
80%
Norway 1940-1945 Germany
80%
Channel Islands 1940-1945 Germany
80%
Byelorussian Soviet Socialist Republic 1941-1944 Germany
80%
Ukrainian Soviet Socialist Republic 1941-1944 Germany
80%
Estonian Soviet Socialist Republic 1941-1944 Germany
80%
Latvian Soviet Socialist Republic 1941-1944 Germany
80%
Lithuanian Soviet Socialist Republic 1941-1944 Germany
80%
Italy 1943-1945 Germany
80%
Hyderabad 1948-1948 India
80%
East Pakistan 1971-1971 India
80%
West Papua 1960-1960 (1960-Now) Indonesia
80%
East Timor 1975-1999 Indonesia
80%
All-Palestine Protectorate 1956-1957 Israel
80%
Sinai, Egypt/UAR/FAR
1956-1957 1967-1982 Israel
80%
Lebanon (Southern) 1982-2000 2024-Now (Partial since 2025) Israel
80%
Palestine (West Bank) 1948-1967 Jordan
80%
Ethiopian Empire 1935-1941 Kingdom of Italy
80%
Kingdom of Albania 1939-1945 Kingdom of Italy
80%
British Somaliland 1940-1941 Kingdom of Italy
80%
Vichy France (Southeast) 1940-1943 Kingdom of Italy
80%
Transnistria 1941-1944 Kingdom of Romania
80%
Republic of Vietnam 1975-1976 North Vietnam
80%
Taiwan, Penghu & Itu Aba 1945-1952 Republic of China
80%
West Ukrainian People's Republic & Ukrainian People's Republic 1918-1919 Republic of Poland
80%
Eastern Galicia, Austria-Hungary 1914-1915 Russian Empire
80%
Democratic Republic of Georgia 1921 Russian SFSR
80%
Republic of China (Xinjiang) 1934-1934 Soviet Union
80%
Finland (Partially) 1939-1940 Soviet Union
80%
Republic of Poland (East) 1939-1941 Soviet Union
80%
Bessarabia and Northern Bukovina 1940-1940 Soviet Union
80%
Finland (Hankoniemi) 1940-1941 Soviet Union
80%
Estonia 1940-1941 Soviet Union
80%
Latvia 1940-1941 Soviet Union
80%
Lithuania 1940-1941 Soviet Union
80%
East Prussia 1945-1945 Soviet Union
80%
Germany (Eastern) 1945-1949 Soviet Union
80%
Hungarian People's Republic 1956-1956 Soviet Union
80%
Democratic Republic of Afghanistan 1979-1989 Soviet Union
80%
Israel (Northern Jordan Valley) 1949-1967 Syria
80%
Føroyar Islands 1940-1945 United Kingdom
80%
Ethiopian Empire 1941-1944 United Kingdom
80%
Germany (Western) 1945-1949 United Kingdom / United States / France
80%
West Berlin (De Jure only after 1949) 1945-1990 United Kingdom / United States / France
80%
Dominican Republic 1916-1924 1956-1966 United States
80%
New Caledonia 1942-1945 United States
80%
Japan 1945-1951 United States
80%
Tokara Islands 1945-1952 United States
80%
Amami Islands 1945-1953 United States
80%
Cuba (Guantanamo Bay) 1959-Now United States
80%
Kingdom of Iceland 1940-1945 United States / United Kingdom
80%
Democratic Kampuchea 1978-1989 Vietnam
80%
Kingdom of Serbia (Northwest) 1915-1918 Austria-Hungary
73%
Principality of Albania 1916-1918 Austria-Hungary
73%
Kingdom of Montenegro 1916-1918 Austria-Hungary
73%
Kingdom of Italy (Northeast) 1917-1918 Austria-Hungary
73%
Pahlavi Iran (Northern) 1945-1946 Azerbaijan People's Government / Republic of Mahabad / Soviet Union
73%
Weimar Republic (Der Ruhr) 1923-1924 Belgium / France
73%
Ottoman Empire (Constantinople) 1918-1923 France / Kingdom of Italy / United Kingdom
73%
Rheinland, Weimar Republic 1918-1930 France / United Kingdom / Belgium / United States / Siam
73%
Kingdom of Serbs, Croats and Slovenes 1918-1921 France / Kingdom of Italy / United Kingdom / United States
73%
France 1944-1946 Free France / United States / United Kingdom
73%
Hungarian People's Republic 1918-1919 Kingdom of Romania / Czechoslovakia / France / Kingdom of Serbs, Croats, and Slovenes
73%
Georgia (Northwest & Northern)
2008-Now Russia / Abkhazia / South Ossetia
73%
Georgia (Gori, Poti, & Perevi) 2008-2011 Russia
73%
Crimea/Sevastopol 2014-Now Russia
73%
Far Eastern Republic & Soviet Union (Nothern Sakhalin) 1920-1925 Empire of Japan
73%
Republic of China (Manchuria) 1931-1935 Empire of Japan
73%
Tonkin 1945-1945 Empire of Japan
73%
Annam 1945-1945 Empire of Japan
73%
Somalia 2006-2009 Ethiopia
73%
Saarprotektorat 1945-1957 France
73%
Kingdom of Hungary 1944-1945 Germany
73%
Junaghad 1947-1948 India
73%
Kingdom of Sikkim 1949-1950 India
73%
Portuguese Dadra and Nagar Haveli 1954-1971 India
73%
Goa, Daman & Diu 1961-1974 India
73%
Sri Lanka (Northern Province) 1987-1990 India
73%
Maldives 1988-1988 India
73%
Palestine (East Jerusalem, West Bank, & Gaza Strip (Partial)) 1967-Now Israel
73%
Syria (Golan Heights) 1967-Now Israel
73%
Ottoman Empire (Smyrna) 1919-1922 Kingdom of Greece
73%
Republic of German-Austria & Republic of Austria (Tirol) 1918-1920 Kingdom of Italy
73%
Independent Albania 1912-1913 Kingdom of Serbia
73%
Chad (Aouzou Strip) 1976-1987 Libya
73%
Sahrawi Arab Democratic Republic (Tiris al-Gharbiyya) 1975-1979 Mauritania
73%
Sahrawi Arab Democratic Republic (Large Portions)
1975-Now Morocco
73%
Kuwait 1990-1991 Republic of Iraq
73%
Ukraine (Chernihiv, Dnipropetrovsk, Kharkiv, Kyiv, Poltava, Sumy, Zhytomyr, Chernobyl, & Snake Island) 2022-2024 Russia
73%
Ukraine (Luhansk, Donetsk, Kherson, Zaporizhzhia, Kharkiv, & Mykolaiv) 2022-Now Russia
73%
Ukrainian People's Republic 1918-1920 Russian SFSR
73%
Azerbaijan Democratic Republic 1920 Russian SFSR
73%
Carpathian Ruthenia 1944-1945 Soviet Union
73%
Tsardom of Bulgaria 1944-1947 Soviet Union
73%
Hungarian Republic 1944-1949 Soviet Union
73%
Provisional Republic of Poland 1944-1956 Soviet Union
73%
Finland (Porkkalanniemi) 1944-1956 Soviet Union
73%
Kingdom of Romania 1944-1958 Soviet Union
73%
Manchukuo 1945-1946 Soviet Union
73%
Korea (Northern) 1945-1948 Soviet Union
73%
Lebanon (Partially) 1976-2005 Syrian Arab Republic
73%
Kingdom of Serbia (East & Macedonia) 1915-1918 Tsardom of Bulgaria
73%
Russia (Kursk) 2024-2025 Ukraine
73%
Angola (Partially) 1975-1976 Union of South Africa
73%
Cochinchina 1945-1946 United Kingdom
73%
Republic of Haiti 1915-1934 United States
73%
Korea (Southern) 1945-1948 United States
73%
Ogasawara Islands 1945-1968 United States
73%
Ruuchuu Islands 1945-1972 United States
73%
Panama 1989-1990 United States
73%
Iraq 2003-2011 United States / United Kingdom / Australia / Poland / South Korea / Georgia / Ukraine / Romania / Denmark / Bulgaria / El Salvador / Czechia / Azerbaijan / Albania / Mongolia / Singapore / Latvia / Bosnia and Herzegovina / North Macedonia / Tonga / Armenia / Estonia / Kazakhstan / Moldova / Italy / Netherlands / Spain / Japan / Thailand / Honduras / Dominican Republic / Hungary / Nicaragua / Norway / Portugal / Lithuania / Slovakia / New Zealand / Philippines / Iceland / NATO / Kurdistan Democratic Party / Patriotic Union of Kurdistan / Free Iraqi Forces
73%
Islamic Emirate of Afghanistan 2001-2002 United States / United Kingdom / Canada / Australia / New Zealand / Germany / Italy / France / Northern Alliance
73%
Azerbaijan (Border Villages) 1992-2024 Armenia
67%
Azerbaijan (Sofulu, Barxudarlı & Karki) 1992-Now Armenia
67%
Armenia (Artsvashen) 1992-Now Azerbaijan
67%
Armenia (Partial: Syunik, Vayots Dzor, & Gegharkunik) 2021-Now Azerbaijan
67%
Azerbaijan (Nagorno-Karabakh) 1992-2023 Republic of Artsakh / Armenia
67%
Moldova (Partial) 1992-Now Russia / Transnistria
67%
Lesotho 1998-1999 South Africa / Botswana
67%
Syria (Azaz, al-Bab, Jarabulus, Afrin, Tell Abyad & Ras al-Ayn) 2016-Now Syrian Interim Government (Until 2025) / Türkiye
67%
Democratic Republic of the Congo (Partially) 1998-2002 Uganda / Rwanda / Zimbabwe / Angola / Namibia / Chad / Sudan
67%
Russian SFSR (Partially) 1918-1920 United Kingdom / Empire of Japan / Kingdom of Greece / United States / France / Beiyang Republic of China
67%
Haiti 1994-1995 United States / Poland / Argentina
67%
Ukraine (Donetsk) 2014-2022 Donetsk People's Republic
67%
Eritrea (Gash-Barka, Southern Region, Northern Red Sea and Southern Red Sea) 2000-2018 Ethiopia
67%
Morava, Kingdom of Serbia 1915-1918 German Empire
67%
Hungarian Soviet Republic 1919-1919 Kingdom of Romania
67%
Ukraine (Luhansk) 2014-2022 Luhansk People's Republic
67%
Kingdom of Laos 1959-1975 North Vietnam
67%
Syria (Tartus naval base & Khmeimim Air Base) 2024-Now Russia
67%
Principality of Albania (East) 1915-1917 Tsardom of Bulgaria
67%
Tanzania (Kagera) 1978-1978 Uganda
67%
Yemen (Socotra) 2018-2018 United Arab Emirates
67%
Syria (al-Tanf) 2015-Now United States
67%
Syria (Suwayda) 2025-Now Supreme Legal Committee in Suwayda / Israel
60%
Syria (Southern) 2024-Now Israel
60%
Ottoman Empire 1911-1912 Kingdom of Italy
60%
Regency Kingdom of Hungary 1918-1921 Kingdom of Serbs, Croats, and Slovenes
60%
No matching quizzes found
Score Distribution
Percent of People with Each Score
Percentile by Number Answered
Your Score History
You have not taken this quiz since the last reset